Tilastot visalle Sanat - "Hän" - J.Karjalainen

Klikkaa tästä pelataksesi tätä visaa!

Yleistilastot

  • Tätä visaa on pelattu 310 kertaa
  • Keskiarvotulos 49 / 75

Vastaustilastot

Sanat% Oikein
Hän
100%
hän,
100%
Hän,
100%
hän,
100%
hän,
100%
Hän,
100%
hän
100%
Hän,
100%
hän,
100%
hän,
100%
Hän,
100%
hän,
100%
hän
100%
hän,
100%
Hän,
100%
hän,
100%
sa
98%
mut
93%
mut
93%
mut
93%
mut
93%
mut
93%
mut
93%
sai
89%
sai
89%
sai
89%
sai
89%
sai
89%
nauramaan,
84%
nauramaan,
84%
laulamaan,
79%
uskomaan,
73%
Ja
64%
ja
64%
ja
64%
kun
63%
kun
63%
enemmän
62%
vielä
59%
on
58%
on
58%
sävelmän
54%
sävelmän
54%
lentävän
51%
nään
51%
antoi
48%
antoi
48%
mulle
48%
mulle
48%
toivomaan,
48%
hyvä
47%
lehtien
47%
poissa
47%
ikävän,
46%
saman
46%
haltiatar,
45%
Tunnen
45%
iskelmän
44%
kesä
40%
kuningatar,
40%
nimi
40%
vaihtuu
40%
syksyyn
37%
yön
37%
ois
33%
enää
31%
luonani
30%
kuin
29%
kitarani
25%
viritän
24%
kuulen
22%
tutun
22%
helinän,
19%
taas
18%
aulamaan,
1%

Tulosjakauma

Persentiili vastausten määrän mukaan

Jokaisen tuloksen saaneiden osuus

Tuloshistoriasi

Et ole pelannut tätä visaa